Bohatý táta, chudý táta

Saved in:
Bibliographic Details
Main Author Robert, T., Kiyosaki
Format Electronic eBook
LanguageCzech
Published Pragma 2025
Edition1. elektronické vydání
Subjects
Online AccessDostupné v BOOKPORT po přihlášení pomocí eduID
ISBN978-80-284-0525-0
978-80-284-0524-3
Physical Description1 online zdroj (376 stran)

Cover

LEADER 00000nam a2200000 i 4500
001 bkp791618751
003 CZ-prgp
005 20260302122621.0
006 m o d
007 cr cn
008 260302s2025 xr o 000 0 cze
020 |a 978-80-284-0525-0  |c 339 Kč  |q (online ; epub) 
020 |a 978-80-284-0524-3  |c 339 Kč  |q (print) 
040 |a Grada  |b cze  |e rda 
100 1 |a Robert, T., Kiyosaki 
245 1 0 |a Bohatý táta, chudý táta  |c Kiyosaki Robert T. 
250 |a 1. elektronické vydání 
264 1 |b Pragma  |c 2025 
300 |a 1 online zdroj (376 stran) 
336 |a text  |b txt  |2 rdacontent 
337 |a počítač  |b c  |2 rdamedia 
338 |a online zdroj  |b cr  |2 rdacarrier 
520 3 |a Tato kniha by měla být povinnou četbou pro finanční plánovače nebo kohokoliv, kdo se zajímá o to, jak se stát finančně nezávislým. Je to jedinečný úvod do psychologie tvoření bohatství. Abyste se dostali nad finanční vrchol, musíte si přečíst tuto knihu Roberta Kiyosakiho. Jde o zdravý rozum a obchodní důvtip pro vaši finanční budoucnost. Po dvaceti letech od první publikace vychází nové rozšířené vydání, které je aktualizováno pro dnešní dobu. 
650 0 4 |a Osobní rozvoj a poznání 
650 0 4 |a Úspěch a motivace 
856 4 0 |u https://www.bookport.cz/AccountSaml/SignIn/?idp=https://shibboleth.utb.cz/idp/shibboleth&returnUrl=/kniha/bohaty-tata-chudy-tata-15835/  |y Dostupné v BOOKPORT po přihlášení pomocí eduID